Cats are Time Difficulty Chart - Statistics

General Stats
  • This quiz has been taken 13 times
    2 since last reset
  • The average score is 91 of 136
Answer Stats
Answer % Correct
Achilles
100%
Amberos
100%
Anne
100%
Arora
100%
Asani
100%
Barto
100%
Benji
100%
Bertrude
100%
Brie
100%
Caesar
100%
Calius
100%
Carter
100%
Coby
100%
Dalto
100%
Devin
100%
Stubbins
100%
Donnie
100%
Ekaterina
100%
Felix
100%
Francis
100%
Georgia
100%
Harvey
100%
Jancy
100%
Jane
100%
Lemon
100%
Lico
100%
Lisa
100%
Lucy
100%
Luna
100%
Lyra
100%
Magnus
100%
Maxine
100%
Mousey
100%
MrBEEZ
100%
Nathan
100%
Numair
100%
Odi
100%
Paelius
100%
Rebecca
100%
Roomba
100%
Rus
100%
Sam
100%
Samuel
100%
Satomi
100%
Skruff
100%
Sol
100%
Terry
100%
Unk
100%
Viktor
100%
Vincent
100%
Zephyr
100%
Abigail
50%
Agnes
50%
Akane
50%
Alexi
50%
Antom
50%
Archibald
50%
Asmit
50%
Aster
50%
Athena
50%
Avery
50%
Benny
50%
Bilsry
50%
Brexit
50%
Brutus
50%
Caleb
50%
Caring
50%
Ceptic
50%
Clover
50%
Curl
50%
Death
50%
Diego
50%
Cutie
50%
Dmitry
50%
Dust
50%
Emerald
50%
Faelus
50%
Giji
50%
Heather
50%
Helmer
50%
Hildeguard
50%
Jackel
50%
Jupiter
50%
Kauri
50%
Kktalla
50%
Lassoux
50%
Lavender
50%
Lunar
50%
Markus
50%
Marsha
50%
Marvin
50%
MatCat
50%
Mathilda
50%
Mercer
50%
Merge
50%
Mildred
50%
Minty
50%
Nilo
50%
Olliver
50%
Otto
50%
Ovidian
50%
Penance
50%
Phoenix
50%
Pineapplegate
50%
Pluto
50%
Ray
50%
Richard
50%
Rose
50%
Shaka
50%
Shaka Egg
50%
Snooze
50%
Snowy
50%
Sydney
50%
Tempas
50%
Theodore
50%
Thuli Lard
50%
Tina
50%
Tiras
50%
Trent
50%
Tubley
50%
Vanity
50%
Veda
50%
Vixin
50%
Walix
50%
Wall Cat
50%
Wilfred
50%
Winnie
50%
Yiyi
50%
Zavis
50%
Zuberi
50%
Arthur
0%
Casey
0%
Fevian
0%
Jared
0%
Seranine
0%
Versiro
0%
No matching quizzes found
Score Distribution
Percent of People with Each Score
Percentile by Number Answered
Your Score History
You have not taken this quiz since the last reset